| 000 | 01332cam a2200385 a 4500 | ||
|---|---|---|---|
| 999 |
_c645 _d645 |
||
| 001 | 13650492 | ||
| 003 | GZU | ||
| 005 | 20200909151016.0 | ||
| 008 | 040709s2004 nju b 001 0 eng | ||
| 010 | _a 2004015618 | ||
| 020 | _a1592212964 (hardcover) | ||
| 020 | _a9781592212965 (hardcover) | ||
| 020 | _a1592212972 (pbk.) | ||
| 020 | _a9781592212972 (pbk.) | ||
| 035 | _a(OCoLC)ocm55947955 | ||
| 035 | _a(OCoLC)55947955 | ||
| 040 |
_aDLC _cDLC _dYDX _dBAKER _dBTCTA _dYDXCP _dDLC |
||
| 043 |
_af------ _af-gh--- |
||
| 050 | 0 | 0 |
_aDT510.5 _b.B63 2004 |
| 082 | 0 | 0 |
_a966.7 _222 |
| 100 | 1 | _aBoahen, A. Adu. | |
| 245 | 1 | 0 |
_aAfrica in the twentieth century : _bthe Adu Boahen reader / _cedited by Toyin Falola. |
| 260 |
_aTrenton, NJ : _bAfrica World Press, _cc2004. |
||
| 300 |
_a667 p. ; _c23 cm. |
||
| 440 | 0 | _aClassic authors and texts on Africa | |
| 504 | _aIncludes bibliographical references and index. | ||
| 600 | 1 | 0 | _aBoahen, A. Adu. |
| 651 | 0 |
_aGhana _xHistory. |
|
| 651 | 0 |
_aAfrica _xHistory. |
|
| 700 | 1 | _aFalola, Toyin. | |
| 856 | 4 | 1 |
_3Table of contents _uhttp://www.loc.gov/catdir/toc/ecip0420/2004015618.html |
| 906 |
_a7 _bcbc _corignew _d1 _eecip _f20 _gy-gencatlg |
||
| 942 |
_2lcc _cBK _h510 _iFAL _kDT |
||